Southville International School and Colleges
Your cart is empty.
  • Cart
  • Lists
    Public lists Eva Luna New books Lux_list list_1
    Your lists Log in to create your own lists
  • Log in to your account
  • Your cookies
  • Search history
Southville International School and Colleges
  • Advanced search
  • Recent comments
  • Most popular
  • Libraries

Log in to your account

Log in with GOOGLE


If you do not have an external account, but do have a local account, you can still log in:

  1. Home
  2. MARC view: Response inhibition and impulsive decision-making in sexual offenders against children /
Normal view MARC view ISBD view

Response inhibition and impulsive decision-making in sexual offenders against children / (Record no. 361843)

[ view plain ]
MARC details
000 -LEADER
fixed length control field 00671nam a2200181Ia 4500
008 - FIXED-LENGTH DATA ELEMENTS--GENERAL INFORMATION
fixed length control field 190511s9999 xx 000 0 und d
100 ## - MAIN ENTRY--PERSONAL NAME
Personal name Turner, Daniel
245 ## - TITLE STATEMENT
Title Response inhibition and impulsive decision-making in sexual offenders against children /
245 ## - TITLE STATEMENT
Statement of responsibility, etc Daniel Turner, Christian Laier, Matthias Brand, Tamara Bockshmmer, Robin Welsch and Martin Rettenberger.--
260 ## - PUBLICATION, DISTRIBUTION, ETC. (IMPRINT)
Name of publisher, distributor, etc American Psychological Association
260 ## - PUBLICATION, DISTRIBUTION, ETC. (IMPRINT)
Date of publication, distribution, etc 2018
300 ## - PHYSICAL DESCRIPTION
Extent Pages 471-481, July 2018
440 ## - SERIES STATEMENT/ADDED ENTRY--TITLE
Title Journal of Abnormal Psychology
Volume number/sequential designation 127(5)
650 ## - SUBJECT ADDED ENTRY--TOPICAL TERM
Topical term or geographic name as entry element Child sexual abusers
650 ## - SUBJECT ADDED ENTRY--TOPICAL TERM
Topical term or geographic name as entry element Decisio-making
650 ## - SUBJECT ADDED ENTRY--TOPICAL TERM
Topical term or geographic name as entry element Impulsitivity
650 ## - SUBJECT ADDED ENTRY--TOPICAL TERM
Topical term or geographic name as entry element Response inhibition
Holdings
Withdrawn status Lost status Damaged status Home library Current library Date acquired Total Checkouts Date last seen Price effective from Koha item type
      College Library College Library 05/11/2019   05/11/2019 05/11/2019 Periodicals

Response inhibition and impulsive decision-making in sexual offenders against children /

APA

Turner D., .Response inhibition and impulsive decision-making in sexual offenders against children. : American Psychological Association.

Chicago

Turner Daniel, .Response inhibition and impulsive decision-making in sexual offenders against children. : American Psychological Association.

Harvard

Turner D., .Response inhibition and impulsive decision-making in sexual offenders against children. : American Psychological Association.

MLA

Turner Daniel, .: American Psychological Association. .

  • Place hold
  • Print
  • Cite
  • Add to your cart (remove)
  • Save record
    BIBTEX Dublin Core MARCXML MARC (non-Unicode/MARC-8) MARC (Unicode/UTF-8) MARC (Unicode/UTF-8, Standard) MODS (XML) RIS
  • More searches
    Search for this title in:
    Other Libraries (WorldCat) Other Databases (Google Scholar) Online Stores (Bookfinder.com) Open Library (openlibrary.org)

Exporting to Dublin Core...

SOUTHVILLE LIBRARY

Southville International School and Colleges Library

1281 Tropical Ave. Cor. Luxembourg St., BF Homes International, Las Pinas City

Tel. No. 8256374 / 252358 Loc. 117/146

Powered by Koha